| 000 | 00419nam a22001817a 4500 | ||
|---|---|---|---|
| 999 |
_c16804 _d16804 |
||
| 003 | NUST | ||
| 008 | 140107t xxu||||| |||| 00| 0 eng d | ||
| 020 | _a969-35-0592-1 | ||
| 038 | _aASAB | ||
| 082 | _aFic | ||
| 100 |
_aAhfaq Ahmad _9533 |
||
| 240 | _amahman saraae | ||
| 245 | _aMahmaan sarae | ||
| 246 | _amahman sarae | ||
| 260 |
_aLahore _bSang e Meel Publications _c2007 |
||
| 300 | _a215 P | ||
| 942 |
_2ddc _cBK |
||